000 00923nac a22002171u 4500
008 100719t le|||||r|||| 001 0 ara d
082 _a189
_bم ر و
100 _aمروة، حسين
_916409
245 _aالنزعات المادية في الفلسفة العربية الاسلامية
_cحسين مروة
_nمج 2
250 _aط 4
260 _aبيروت :
_bدار الفارابي ،1981
_c1981
300 _a755 ص :
_bايض ؛
_c24 سم
500 _aالموزع الف باء
500 _aيشتمل على كشاف
504 _aIncludes bibliographical references and index.
511 _aCatalogued by: Sara
541 _aالف باء
650 _aالفلسفة الإسلامية
_98788
942 _cBB
_k189 م ر و
_2ddc
999 _c7543
_d7543